[Event "Cali Region-ch U18 Girls"]
[Site "Cali"]
[Date "2011.12.05"]
[Round "5.2"]
[White "Renteria Valencia, Helen Manuela"]
[Black "Galvis, Selene"]
[Result "1-0"]
[WhiteElo "1903"]
[BlackElo "1896"]
[PlyCount "53"]
[EventDate "2011.12.04"]
[EventType "swiss"]
[EventRounds "5"]
[EventCountry "COL"]
[SourceTitle "EXT 2024"]
[Source "ChessBase"]
[SourceDate "2023.10.10"]
[SourceVersion "1"]
[SourceVersionDate "2023.10.10"]
[SourceQuality "1"]

1. e4 c5 2. Nf3 d6 3. d4 cxd4 4. Nxd4 Nf6 5. Nc3 a6 6. f3 e6 7. Be3 Be7 8. Qd2 Qc7 9. g4 Nbd7 10. h4 0-0 11. h5 Ne5 12. 0-0-0 b5 13. g5 Nfd7 14. g6 Nc5 15. gxh7+ Kh8 16. Rg1 b4 17. Qg2 Bf6 18. Nce2 Nc4 19. Bh6 Kxh7 20. Bxg7 Rg8 21. h6 Ne3 22. Qg3 Nxd1 23. Kxd1 e5 24. Nf5 Bxf5 25. exf5 Rac8 26. Qg6+ fxg6 27. fxg6# 1-0

[Event "Cali Region-ch U18 Girls"]
[Site "Cali"]
[Date "2011.12.05"]
[Round "3.3"]
[White "Renteria Valencia, Helen Manuela"]
[Black "Zamora, Isabela"]
[Result "1-0"]
[WhiteElo "1903"]
[BlackElo "1854"]
[PlyCount "46"]
[EventDate "2011.12.04"]
[EventType "swiss"]
[EventRounds "5"]
[EventCountry "COL"]
[SourceTitle "EXT 2024"]
[Source "ChessBase"]
[SourceDate "2023.10.10"]
[SourceVersion "1"]
[SourceVersionDate "2023.10.10"]
[SourceQuality "1"]

1. e4 c5 2. Nf3 d6 3. d4 cxd4 4. c3 d3 5. Bxd3 Nf6 6. c4 e6 7. 0-0 Be7 8. Qe2 0-0 9. Nc3 Nc6 10. Rd1 Kh8 11. a3 a6 12. Bc2 Qc7 13. Bf4 Qb6 14. b4 Rd8 15. Na4 Qc7 16. c5 Nh5 17. Qe3 e5 18. Bg3 Nxg3 19. hxg3 dxc5 20. Nxc5 Qb6 21. Rxd8+ Qxd8 22. Qc3 f6 23. Rd1 Qc7 1-0

[Event "Cali Region-ch U18 Girls"]
[Site "Cali"]
[Date "2011.12.05"]
[Round "4.2"]
[White "Viveros, Mariana Yibeth"]
[Black "Renteria Valencia, Helen Manuela"]
[Result "0-1"]
[WhiteElo "1727"]
[BlackElo "1903"]
[PlyCount "86"]
[EventDate "2011.12.04"]
[EventType "swiss"]
[EventRounds "5"]
[EventCountry "COL"]
[SourceTitle "EXT 2024"]
[Source "ChessBase"]
[SourceDate "2023.10.10"]
[SourceVersion "1"]
[SourceVersionDate "2023.10.10"]
[SourceQuality "1"]

1. e4 c5 2. Nf3 d6 3. d4 cxd4 4. Nxd4 Nf6 5. Nc3 a6 6. f3 b5 7. a3 e6 8. Be3 Bb7 9. Be2 Nbd7 10. Qd2 Be7 11. 0-0 Rc8 12. Bd3 0-0 13. Bf2 Qc7 14. Rfe1 Rfe8 15. Bg3 Qb6 16. Bf2 Qc7 17. Bg3 Qd8 18. f4 d5 19. e5 Nh5 20. Bf2 g6 21. Nce2 Ng7 22. b3 Kh8 23. Rac1 Bxa3 24. Rb1 Be7 25. Rbc1 Rg8 26. c4 bxc4 27. bxc4 Qf8 28. Red1 Bb4 29. Qb2 a5 30. Qb3 Nc5 31. Qb1 Nxd3 32. Rxd3 dxc4 33. Rdd1 Bd5 34. Nc3 Ba8 35. Na4 Qe7 36. Nb6 Qb7 37. Nf3 Rc7 38. Nxc4 Nf5 39. Ne3 Rcc8 40. Nxf5 gxf5 41. Bh4 Rxg2+ 42. Kxg2 Qxf3+ 43. Kg1 Qg2# 0-1

[Event "Cali Region-ch U18 Girls"]
[Site "Cali"]
[Date "2011.12.04"]
[Round "1.3"]
[White "Hernandez, Monica Daniela"]
[Black "Renteria Valencia, Helen Manuela"]
[Result "0-1"]
[WhiteElo "1692"]
[BlackElo "1903"]
[PlyCount "72"]
[EventDate "2011.12.04"]
[EventType "swiss"]
[EventRounds "5"]
[EventCountry "COL"]
[SourceTitle "EXT 2024"]
[Source "ChessBase"]
[SourceDate "2023.10.10"]
[SourceVersion "1"]
[SourceVersionDate "2023.10.10"]
[SourceQuality "1"]

1. e4 c5 2. Nf3 d6 3. d4 cxd4 4. Nxd4 Nf6 5. Nc3 a6 6. Be3 e6 7. f4 b5 8. a3 Bb7 9. Bd3 Nbd7 10. Qd2 Nc5 11. Qe2 Ncxe4 12. Nxe4 Bxe4 13. Bxe4 Nxe4 14. Qf3 d5 15. 0-0 Qd7 16. f5 e5 17. Ne2 f6 18. Rad1 Rd8 19. Rd3 Nc5 20. Rd2 d4 21. Ng3 Qb7 22. Qh5+ Qf7 23. Qf3 dxe3 24. Rxd8+ Kxd8 25. Qa8+ Kc7 26. Rd1 Qe7 27. Qa7+ Nb7 28. Ne4 e2 29. Re1 Qc5+ 30. Nxc5 Bxc5+ 31. Qxc5+ Nxc5 32. Rxe2 Rd8 33. Kf2 Nb7 34. Ke3 Nd6 35. b3 Nxf5+ 36. Kf3 Nd4+ 0-1

[Event "Cali Region-ch U16 Girls"]
[Site "Cali"]
[Date "2011.12.04"]
[Round "1.1"]
[White "Renteria Valencia, Helen Manuela"]
[Black "Barba, Deina Alexandra"]
[Result "0-1"]
[WhiteElo "1903"]
[BlackElo "1703"]
[PlyCount "76"]
[EventDate "2011.12.04"]
[EventType "swiss"]
[EventRounds "7"]
[EventCountry "COL"]
[SourceTitle "EXT 2024"]
[Source "ChessBase"]
[SourceDate "2023.10.10"]
[SourceVersion "1"]
[SourceVersionDate "2023.10.10"]
[SourceQuality "1"]

1. e4 c5 2. Nf3 Nc6 3. d4 cxd4 4. c3 d5 5. e5 dxc3 6. Nxc3 e6 7. Bb5 Bd7 8. Bxc6 Bxc6 9. Nd4 Bc5 10. Be3 Qc7 11. f4 Bb6 12. Rc1 Qd7 13. Qd2 Ne7 14. 0-0 Bxd4 15. Bxd4 Nf5 16. g4 Ne7 17. Rf3 h5 18. Qg2 hxg4 19. Qxg4 Nf5 20. Rh3 Rxh3 21. Qxh3 Qd8 22. Rd1 Qh4 23. Qxh4 Nxh4 24. Kf2 Nf5 25. Ne2 Rc8 26. Rc1 Kd7 27. a3 a6 28. Bb6 Rh8 29. Kg1 g5 30. Bf2 Rg8 31. Rc3 Bb5 32. Bb6 Bc6 33. Kf2 Rh8 34. Rf3 Rxh2+ 35. Kf1 Bb5 36. Rf2 Ng3+ 37. Ke1 Rxf2 38. Kxf2 Nxe2 0-1

[Event "Cali Region-ch U16 Girls"]
[Site "Cali"]
[Date "2011.12.04"]
[Round "2.4"]
[White "Saenz, Estefany"]
[Black "Renteria Valencia, Helen Manuela"]
[Result "0-1"]
[WhiteElo "1673"]
[BlackElo "1903"]
[PlyCount "86"]
[EventDate "2011.12.04"]
[EventType "swiss"]
[EventRounds "7"]
[EventCountry "COL"]
[SourceTitle "EXT 2024"]
[Source "ChessBase"]
[SourceDate "2023.10.10"]
[SourceVersion "1"]
[SourceVersionDate "2023.10.10"]
[SourceQuality "1"]

1. d4 Nf6 2. c4 g6 3. Nc3 Bg7 4. e4 d6 5. Nf3 0-0 6. Be2 Nbd7 7. Be3 Re8 8. 0-0 e5 9. d5 Rf8 10. Qd2 Ne8 11. Bh6 f5 12. Qg5 Qxg5 13. Bxg5 f4 14. Be7 Rf7 15. Bd8 Nf8 16. Nd2 h6 17. Nf3 Bd7 18. Bh4 g5 19. Bxg5 hxg5 20. Nxg5 Rf6 21. b4 Rg6 22. h4 Bh6 23. Bh5 Rg7 24. Rfc1 Bxg5 25. hxg5 Rxg5 26. Bf3 Ng6 27. Kf1 Nh4 28. c5 Kf7 29. cxd6 Nxd6 30. Ne2 Rc8 31. Rc2 Nxf3 32. gxf3 Rh5 33. Rcc1 Rh1+ 34. Ng1 Bb5+ 35. Ke1 Rxg1+ 36. Kd2 Rg2 37. Ke1 Nc4 38. a4 Nb2 39. axb5 Nd3+ 40. Kf1 Rxf2+ 41. Kg1 Rg8+ 42. Kh1 Nxc1 43. Rxc1 Rc8 0-1

[Event "Cali Region-ch U16 Girls"]
[Site "Cali"]
[Date "2011.??.??"]
[Round "7.1"]
[White "Renteria Valencia, Helen Manuela"]
[Black "Viveros Torres, Erica Johana"]
[Result "1-0"]
[WhiteElo "1903"]
[BlackElo "1468"]
[PlyCount "87"]
[EventDate "2011.12.04"]
[EventType "swiss"]
[EventRounds "7"]
[EventCountry "COL"]
[SourceTitle "EXT 2024"]
[Source "ChessBase"]
[SourceDate "2023.10.10"]
[SourceVersion "1"]
[SourceVersionDate "2023.10.10"]
[SourceQuality "1"]

1. e4 e5 2. d4 exd4 3. Qxd4 Nc6 4. Qe3 Nf6 5. Nc3 Be7 6. Bc4 0-0 7. f3 b6 8. Nge2 Bb7 9. g4 d5 10. Nxd5 Nxd5 11. Bxd5 Bc5 12. Qd2 Ne5 13. Rf1 Bxd5 14. Qxd5 Qxd5 15. exd5 Rad8 16. Bf4 Rxd5 17. c4 Nxc4 18. b3 Ne5 19. Bxe5 Rxe5 20. Rc1 Bb4+ 21. Kf2 c5 22. Rfd1 Rfe8 23. Rc2 g6 24. Rd7 R5e7 25. Rd1 a5 26. Kf1 Re3 27. Kf2 Kg7 28. Rd6 R3e6 29. Rxe6 Rxe6 30. Nc3 h6 31. Kg2 f6 32. Ne2 g5 33. Kf2 Rd6 34. Ng3 Kg6 35. Nf5 Re6 36. Re2 Re5 37. Rxe5 fxe5 38. Ne7+ Kf6 39. Nd5+ Ke6 40. Nxb6 Kd6 41. Nc4+ Ke6 42. Ke3 Bc3 43. Kd3 Bd4 44. Nxa5 1-0

[Event "COL-ch School U13 Girls"]
[Site "Yumbo"]
[Date "2010.04.27"]
[Round "2.1"]
[White "Galvis, Selene"]
[Black "Renteria Valencia, Helen Manuela"]
[Result "0-1"]
[WhiteElo "1896"]
[BlackElo "1914"]
[PlyCount "29"]
[EventDate "2010.04.27"]
[EventType "swiss"]
[EventRounds "7"]
[EventCountry "COL"]
[SourceTitle "EXT 2024"]
[Source "ChessBase"]
[SourceDate "2023.10.10"]
[SourceVersion "1"]
[SourceVersionDate "2023.10.10"]
[SourceQuality "1"]

1. e4 c5 2. Nf3 d6 3. d4 cxd4 4. Nxd4 Nf6 5. Nc3 a6 6. f3 e6 7. Be3 b5 8. Qd2 Be7 9. 0-0-0 Bb7 10. g4 Nbd7 11. f4 Nb6 12. g5 Nfd7 13. Kb1 b4 14. Nce2 Bxe4 15. Nf3 0-1

[Event "COL-ch School U13 Girls"]
[Site "Yumbo"]
[Date "2010.04.27"]
[Round "4.1"]
[White "Rodriguez, Sofia"]
[Black "Renteria Valencia, Helen Manuela"]
[Result "1-0"]
[WhiteElo "1926"]
[BlackElo "1914"]
[PlyCount "55"]
[EventDate "2010.04.27"]
[EventType "swiss"]
[EventRounds "7"]
[EventCountry "COL"]
[SourceTitle "EXT 2024"]
[Source "ChessBase"]
[SourceDate "2023.10.10"]
[SourceVersion "1"]
[SourceVersionDate "2023.10.10"]
[SourceQuality "1"]

1. e4 e5 2. Nf3 Nc6 3. Bb5 a6 4. Ba4 b5 5. Bb3 Bc5 6. 0-0 d6 7. h3 Nf6 8. c3 Qe7 9. d4 Bb6 10. Re1 h6 11. a4 Rb8 12. Na3 Na7 13. Be3 Bd7 14. Qe2 g5 15. Nh2 Rg8 16. Ng4 Nxg4 17. hxg4 h5 18. gxh5 g4 19. g3 Qf6 20. Nc2 Rh8 21. h6 Rxh6 22. Bxh6 Qxh6 23. Qf1 Ke7 24. Ne3 Rh8 25. Qg2 Qg6 26. Nd5+ Kd8 27. a5 Nc8 28. axb6 1-0

[Event "Valle U16 Girls"]
[Site "Jamundi"]
[Date "2010.03.??"]
[Round "6"]
[White "Zamora, Isabela"]
[Black "Renteria Valencia, Helen Manuela"]
[Result "1-0"]
[WhiteElo "1887"]
[BlackElo "1972"]
[PlyCount "49"]
[EventDate "2009.03.13"]
[EventType "swiss"]
[EventRounds "7"]
[EventCountry "COL"]
[SourceTitle "EXT 2011"]
[Source "ChessBase"]
[SourceDate "2010.11.26"]
[SourceVersion "1"]
[SourceVersionDate "2010.11.26"]
[SourceQuality "1"]

1. e4 e5 2. Nf3 Nc6 3. Bc4 Bc5 4. c3 Qe7 5. d4 exd4 6. 0-0 dxc3 7. Nxc3 d6 8. Nd5 Qd8 9. Bd2 Nge7 10. Re1 0-0 11. b4 Bd4 12. Nxd4 Nxd4 13. Bg5 Ndc6 14. b5 Ne5 15. Nxe7+ Kh8 16. Ng6+ Nxg6 17. Bxd8 Rxd8 18. Bxf7 Ne5 19. Bd5 c6 20. bxc6 bxc6 21. Bb3 Ba6 22. Re3 Rac8 23. Rh3 d5 24. Qh5 h6 25. Qxe5 1-0

[Event "Valle Region-ch U20 Girls"]
[Site "Cali"]
[Date "2010.02.28"]
[Round "6.4"]
[White "Renteria Valencia, Helen Manuela"]
[Black "Pizarro, Margie"]
[Result "1/2-1/2"]
[WhiteElo "1914"]
[BlackElo "1834"]
[PlyCount "24"]
[EventDate "2010.02.26"]
[EventType "swiss"]
[EventRounds "7"]
[EventCountry "COL"]
[SourceTitle "EXT 2024"]
[Source "ChessBase"]
[SourceDate "2023.10.10"]
[SourceVersion "1"]
[SourceVersionDate "2023.10.10"]
[SourceQuality "1"]

1. e4 d5 2. e5 e6 3. f4 c5 4. Nf3 Nc6 5. d3 f6 6. c3 Qc7 7. Qe2 Be7 8. Bd2 Bd7 9. g3 Nh6 10. Bh3 0-0 11. g4 Nf7 12. exf6 Bxf6 1/2-1/2

[Event "Valle Region-ch U20 Girls"]
[Site "Cali"]
[Date "2010.02.27"]
[Round "5.4"]
[White "Echeverry, Angela"]
[Black "Renteria Valencia, Helen Manuela"]
[Result "0-1"]
[WhiteElo "1400"]
[BlackElo "1914"]
[PlyCount "63"]
[EventDate "2010.02.26"]
[EventType "swiss"]
[EventRounds "7"]
[EventCountry "COL"]
[SourceTitle "EXT 2024"]
[Source "ChessBase"]
[SourceDate "2023.10.10"]
[SourceVersion "1"]
[SourceVersionDate "2023.10.10"]
[SourceQuality "1"]

1. e4 c5 2. Nf3 d6 3. d4 cxd4 4. Nxd4 Nf6 5. Nc3 a6 6. h3 e6 7. Be3 b5 8. a3 Bb7 9. Bd3 Nbd7 10. Qd2 Be7 11. 0-0 Qc7 12. Rfe1 0-0 13. Rad1 Nb6 14. Nf3 Nfd7 15. Ne2 Rac8 16. Ng3 Nc4 17. Bxc4 Qxc4 18. c3 Bxe4 19. Nxe4 Qxe4 20. Ng5 Qg6 21. Nf3 Rfd8 22. Qe2 f6 23. Bf4 e5 24. Bg3 f5 25. Nxe5 dxe5 26. Bxe5 Nxe5 27. Qxe5 Rxd1 28. Rxd1 Qf7 29. Rd7 Re8 30. Ra7 Bd6 31. Rxf7 Rxe5 32. Rxg7+ 0-1

[Event "Cali op-D 11th"]
[Site "Cali"]
[Date "2009.12.27"]
[Round "2.2"]
[White "Renteria Valencia, Helen Manuela"]
[Black "Ojeda, Judier"]
[Result "1-0"]
[WhiteElo "1914"]
[BlackElo "1600"]
[PlyCount "70"]
[EventDate "2009.12.26"]
[EventType "swiss"]
[EventRounds "8"]
[EventCountry "COL"]
[SourceTitle "EXT 2024"]
[Source "ChessBase"]
[SourceDate "2023.10.10"]
[SourceVersion "1"]
[SourceVersionDate "2023.10.10"]
[SourceQuality "1"]

1. e4 e5 2. Nf3 Nc6 3. Bc4 Be7 4. d4 exd4 5. c3 Nf6 6. e5 Ne4 7. cxd4 d5 8. exd6 Qxd6 9. 0-0 Bg4 10. h3 Bxf3 11. Qxf3 Nf6 12. d5 Ne5 13. Qb3 Nxc4 14. Qxc4 Nxd5 15. Rd1 c6 16. Nc3 b5 17. Qe4 Rd8 18. Nxd5 cxd5 19. Qd4 a6 20. Qxg7 Bf6 21. Re1+ Kd7 22. Qxf7+ Kc8 23. Qa7 Rd7 24. Qa8+ Kc7 25. Qa7+ Kc8 26. Qe3 Re7 27. Qd2 Rhe8 28. Qc2+ Kd7 29. Rxe7+ Rxe7 30. Qf5+ Kd8 31. Be3 d4 32. Re1 Qe6 33. Qxe6 Rxe6 34. Rd1 Rd6 35. Bf4 Rd5 1-0

[Event "Verano op 2nd"]
[Site "Verano"]
[Date "2009.11.01"]
[Round "3.5"]
[White "Renteria Valencia, Helen Manuela"]
[Black "Guzman, Yilmer A"]
[Result "0-1"]
[WhiteElo "1932"]
[BlackElo "1600"]
[PlyCount "86"]
[EventDate "2009.10.31"]
[EventType "swiss (rapid)"]
[EventRounds "6"]
[EventCountry "COL"]
[SourceTitle "EXT 2024"]
[Source "ChessBase"]
[SourceDate "2023.10.10"]
[SourceVersion "1"]
[SourceVersionDate "2023.10.10"]
[SourceQuality "1"]

1. e4 e6 2. d3 d5 3. Nd2 g6 4. g3 Bg7 5. Bg2 Ne7 6. Ngf3 c6 7. 0-0 0-0 8. Re1 Nd7 9. Nf1 dxe4 10. dxe4 Nc5 11. Bg5 f6 12. Bd2 a5 13. Qe2 e5 14. Qc4+ Ne6 15. Rad1 b5 16. Qb3 Qb6 17. Be3 c5 18. a3 a4 19. Qd3 Rd8 20. Qe2 Qc6 21. Rxd8+ Nxd8 22. Qd3 Be6 23. Rd1 Nb7 24. Qe2 Bc4 25. Qe1 Qc7 26. N1d2 Be6 27. Qe2 Nd6 28. Ne1 Bf8 29. Nd3 c4 30. Nb4 c3 31. bxc3 Qxc3 32. Nb1 Qc7 33. Qd3 Rd8 34. Qc3 Nc4 35. Rxd8 Qxd8 36. Bc5 Qd1+ 37. Bf1 Bh3 38. Qd3 Qxb1 39. Bxe7 Bxe7 40. Qd5+ Kg7 41. Qd3 Nd2 42. Nc6 Bxf1 43. Qxf1 Qxf1# 0-1

[Event "Verano op 2nd"]
[Site "Verano"]
[Date "2009.10.31"]
[Round "1.5"]
[White "Renteria Valencia, Helen Manuela"]
[Black "Giron, Diego Fernando"]
[Result "0-1"]
[WhiteElo "1932"]
[BlackElo "1600"]
[PlyCount "62"]
[EventDate "2009.10.31"]
[EventType "swiss (rapid)"]
[EventRounds "6"]
[EventCountry "COL"]
[SourceTitle "EXT 2024"]
[Source "ChessBase"]
[SourceDate "2023.10.10"]
[SourceVersion "1"]
[SourceVersionDate "2023.10.10"]
[SourceQuality "1"]

1. e4 d6 2. d3 Nf6 3. g3 g6 4. Bg2 Bg7 5. Nf3 0-0 6. 0-0 c5 7. Nbd2 Nc6 8. Re1 Bg4 9. c3 Qd7 10. Nf1 Bh3 11. Ne3 Bxg2 12. Nxg2 b5 13. Bg5 h6 14. Be3 Ng4 15. Qd2 Nxe3 16. Nxe3 b4 17. Rab1 Rab8 18. Nd5 e5 19. Rec1 bxc3 20. Nxc3 f5 21. Qe2 f4 22. Rf1 Rf7 23. Nd5 Rbf8 24. Nh4 f3 25. Nxf3 Rxf3 26. Qc2 Nd4 27. Qc4 Kh7 28. b4 Qh3 29. Ne3 Ne2+ 30. Kh1 Rxf2 31. Rxf2 Rxf2 0-1